| 000 | 00491nam a2200181 a 4500 | ||
|---|---|---|---|
| 001 | 9606 | ||
| 005 | 20180713193622.0 | ||
| 008 | 140415s1987 mx 000 0 spa d | ||
| 041 | _aspa | ||
| 082 |
_a741.67 _bFER |
||
| 100 | 1 | _aFERRER RODRIGUEZ, EULALIO | |
| 245 | 1 | 3 | _aLA HISTORIA DE LOS ANUNCIOS POR PALABRAS |
| 250 | _a1a ed. | ||
| 260 |
_aMEXICO : _bEDICIONES DE COMUNICACION, _c1987 |
||
| 300 | _a197 | ||
| 650 | 1 | 4 | _aPUBLICIDAD |
| 700 | 1 |
_aMORALES, ABRAHAM _eprĂ³l. |
|
| 999 |
_c9606 _d9606 |
||